000 00645nam a22001217a 4500
040 _cRUA
082 _aDVM SOE 2025 B707 Or.1
100 _aSOEM SOCHEAT, ស៊ឹម សុជាតិ
245 _aCase Of Treatment in canine parvovirus by blood transfusions at animal clinic in battambang city battambang province, ករណីព្យាបាលជំងឺ PARVOVIRUS លើសុនខដោយការបញ្ចូលឈាម នៅគ្លីនិកសត្វក្រុងបាត់ដំបង ខេត្តបាត់ដំបង
260 _aPHNOM PENH
_bRUA
_c2025
300 _axi,43p.
_bill.
_c29cm.
942 _cNRM
999 _c25683
_d25683